Dramatický portrét K televíznej inscenácií diela Michaila Bulgakova Moliére

Bibliographic Details
Main Author: Začka, Ladislav (Author)
Format: Article
Language:Slovak
Subjects:

MARC

LEADER 00000nab a2200000 a 4500
001 vtls000273025
003 SK-MaSNL
005 20260303225230.0
008 111130c1987 xo 0 slo
015 |a SNBRB19rr/mm-uuuuu 
035 |a CL0283139 
040 |a SNKBUCL  |b slo  |c SNKBUCL  |e AACR2 
041 0 |a slo 
044 |a xo  |c SK 
080 |a 7.097  |2 1981 
100 1 |a Začka, Ladislav  |4 aut  |9 509640 
245 1 0 |a Dramatický portrét  |b K televíznej inscenácií diela Michaila Bulgakova Moliére  |c Ladislav Začka ; Michail Afanasjevič Bulgakov, Miloš Pietor 
610 2 7 |a Československá televízia  |2 snkbucl  |9 215938 
650 0 7 |a Bulgakov, Michail Afanasievič,  |d 1891-1940  |2 snkbucl  |9 1261798 
651 7 |a 5100  |2 snkbucl  |9 166206 
655 7 |a články z novín a časopisov  |2 snkbucl  |9 267496 
773 0 |t Ľud  |g Roč. 40, č. 30 (6. 2. 1987), s. 6 
850 |a Slovenská národná knižnica v Martine  |a MTA001 
852 |a SNK  |b KIS3GCP 
958 |a RK 
992 |a RBX 
999 |c 2256262  |d 2258192